000 01765cam a2200229 4500
001 L135797
008 061212n2006 000 0 eng u
035 _a(Sirsi) u135797
041 0 _aeng
050 _a306.026 $2 18
110 1 _aUnited Kingdom
_bDepartment for Communities and Local Government
_94939
245 0 0 _aApproval steps for additional and selective licensing designations in England
260 _aLondon
_bDCLG
_c2006
505 0 _aAdditional HMO licensing -- Selective licensing -- Conditions applying to additional HMO licensing -- Conditions applying to selective licensing -- Further conditions applying to additional and selective licensing -- How to make a designation for additional or selective licensing -- Selective licensing - identifying the factors affecting an area -- Applying factors -- Consultation -- How to apply -- Consent granted: duration and notification -- Consent granted: review -- Annex A: Template for designation of an area for selective licensing -- Annex B: Template for designation of an area for additional HMO licensing -- Annex C: Approval steps for additional and selective licensing designations in England.
520 _aA procedural document setting out the steps that local authorities' will need to follow should they wish to seek approval for an area to be designated as either an additional or selective licensing scheme under Part II or Part III of the Housing Act 2004.
650 2 4 _aHOUSING ACT 2004 PART II
650 2 4 _aHOUSING ACT 2004 PART III
651 4 _aEngland
_y886-
690 _aPROPERTY-RESIDENTIAL PROPERTY-TEMPORARY AND MOBILE RESIDENTIAL PROPERTY
856 4 0 _uhttps://www.communities.gov.uk/index.asp?id=1504748
_zView free of charge at www.communities.gov.uk...
942 _n0
999 _c106210
_d106210